Inventario del planeamiento, 1981 / (Record no. 83628)

MARC details
000 -LEADER
campo de control de longitud fija 00797nam a2200181 i 4500
001 - NÚMERO DE CONTROL
campo de control 83628
003 - IDENTIFICADOR DE NÚMERO DE CONTROL
campo de control ES-MaACL
005 - FECHA Y HORA DE LA ÚLTIMA TRANSACCIÓN
campo de control 20230906174851.0
007 - CAMPO FIJO DE DESCRIPCIÓN FÍSICA--INFORMACIÓN GENERAL
campo de control de longitud fija t|
008 - DATOS DE LONGITUD FIJA--INFORMACIÓN GENERAL
campo de control de longitud fija 041117s1982 sp ||||1| spa d
245 00 - MENCIÓN DEL TÍTULO
Título Inventario del planeamiento, 1981 /
Mención de responsabilidad, etc. Ministerio de Obras Públicas y Urbanismo, Dirección General de Acción Territorial y Urbanismo.
260 ## - PUBLICACIÓN, DISTRIBUCIÓN, ETC.
Lugar de publicación, distribución, etc. [Madrid :
Nombre del editor, distribuidor, etc. MOPU, Servicio de Publicaciones,
Fecha de publicación, distribución, etc. 1982]
300 ## - DESCRIPCIÓN FÍSICA
Extensión 10 fasc. ;
Dimensiones 22 x 31 cm.
505 8# - NOTA DE CONTENIDO CON FORMATO
Nota de contenido con formato Contiene: 1. Memoria - 2. Andalucía - 3. Asturias - 4. Baleares - 5. Cantabria - 6. Castilla-León - 7. Galicia - 8. La Rioja - 9. Murcia - 10. Navarra
650 #4 - PUNTO DE ACCESO ADICIONAL DE MATERIA--TÉRMINO DE MATERIA
Término de materia o nombre geográfico como elemento de entrada Planes urbanísticos-
Subdivisión geográfica España.
9 (RLIN) 16104
710 1# - ENTRADA AGREGADA--NOMBRE DE ENTIDAD CORPORATIVA
Nombre de entidad corporativa o nombre de jurisdicción como elemento de entrada España.
Unidad subordinada Dirección General de Acción Territorial y Urbanismo.
9 (RLIN) 3696
852 ## - LOCALIZACIÓN
Ubicación ES-MaACL
Número de control de estantería P-619
Holdings
Estatus retirado Estado de pérdida Estado de daño No para préstamo Biblioteca de origen Biblioteca actual Ubicación en estantería Fecha de adquisición Fuente de adquisición Total de préstamos Signatura topográfica completa Código de barras Visto por última vez Precio de reemplazo Tipo de ítem Koha
        Biblioteca del Ateneo de Madrid Biblioteca del Ateneo de Madrid Depósito 2 17/01/2008     P-619 1087403 23/02/2023 23/02/2023 Libro impreso